000 00752nam a2200289Ia 4500
005 20260324120759.0
008 008 260324s9999 xx 000 0 eng d
020 _a9780203728314
037 _aEBOOK
040 _aCRL
040 _beng
040 _cCRL
041 _2eng
041 _aeng
084 _qCRL
100 _aMatt Barton; Bill Loguidice
_91159939
245 0 _aVintage Game Consoles
245 3 _bAn Inside Look at Apple, Atari, Commodore, Nintendo, and the Greatest Gaming Platforms of All Time
260 _bTaylor and Francis
260 _c2014
365 _a
365 _b355
856 _uhttp://www.taylorfrancis.com/books/9780203728314
942 _cEBOOK
999 _c1751644
_d1751644